Procesy dostosowawcze w gospodarce zywnosciowej do standardów EWG
Gespeichert in:
| 1. Verfasser: | |
|---|---|
| Format: | Buch |
| Sprache: | Polnisch |
| Veröffentlicht: |
Warszawa
Szkola Glówna Handlowa
1994
|
| Ausgabe: | 1. wyd. |
| Schriftenreihe: | Monografie i opracowania
385 |
| Schlagworte: | |
| Tags: |
Keine Tags, Fügen Sie das erste Tag hinzu!
|
MARC
| LEADER | 00000nam a2200000 4500 | ||
|---|---|---|---|
| 001 | c013854 | ||
| 005 | 20221205140945.7 | ||
| 041 | 0 | |a pol | |
| 044 | |a PL | ||
| 245 | 1 | 0 | |a Procesy dostosowawcze w gospodarce zywnosciowej do standardów EWG |c Stanislaw Grabowski |
| 250 | |a 1. wyd. | ||
| 264 | 1 | |a Warszawa |b Szkola Glówna Handlowa |c 1994 | |
| 300 | |a 92 s. | ||
| 490 | 1 | |a Monografie i opracowania |v 385 | |
| 830 | 0 | |a Monografie i opracowania |v 385 | |
| 610 | 2 | 0 | |a roľníci |
| 610 | 2 | 0 | |a poľnohospodárstvo |
| 610 | 2 | 0 | |a produkcia |
| 610 | 2 | 0 | |a náklady |
| 610 | 2 | 0 | |a potraviny |
| 610 | 2 | 0 | |a potravinárstvo |
| 610 | 2 | 0 | |a ekológia |
| 610 | 2 | 0 | |a obchod |
| 610 | 2 | 0 | |a trh |
| 610 | 2 | 0 | |a Európske spoločenstvá |
| 610 | 2 | 0 | |a Poľsko |
| 100 | 1 | |a Grabowski, Stanislaw | |